000 00685nam a2200229 i 4500
001 C2-0235551
003 PPAK
005 20180727195618.0
008 010906s1972 my |||| ||||| | may d
040 _aPPAK
_beng
_cPPAK
_erda
082 0 4 _a499.23076
_223
090 0 0 _a499.23076
_bDIN
_dKAM
100 1 _aDing, Choo Ming,
_eauthor
245 1 0 _aChontoh jawapan kepada peperiksaan Bahasa Malaysia II 1964-1971
264 1 _aKuala Lumpur :
_bPanther Books ,
_c1972
300 _a168 pages ;
_c19 cm
336 _2rdacontent
_atext
337 _2rdamedia
_aunmediated
338 _2rdacarrier
_avolume
650 1 0 _aBahasa Malaysia - Examinations, Questions, etc.
942 _ddc
_cB
999 _c51535
_d51535